Najbardziej znane ulice Białegostoku - Statystyki

Ogólne statystyki
  • Ten quiz został rozwiązany 122 razy
  • Średni wynik to 13 z 50
Statystyki odpowiedzi
Hint Odpowiedź % Poprawnych
13 Lipowa
71%
27 Sienkiewicza Henryka
71%
39 Al. Piłsudskiego Józefa
68%
15 Mickiewicza Adama
68%
6 Hetmańska
51%
31 Warszawska
50%
7 Jurowiecka
48%
12 Legionowa
47%
41 Antoniukowska
45%
37 Ciołkowskiego
43%
1 Szkolna
38%
35 Zwierzyniecka
38%
30 Skłodowskiej Curie Marii
34%
43 Bohaterów Monte Cassino
33%
14 Malmeda Icchoka
33%
21 Piasta
32%
11 Ks. Popiełuszki Jerzego
30%
25 Pogodna
30%
2 Gen. Andersa Władysława
29%
10 Kard. Wyszyńskiego Stefana
29%
29 Świętojańska
28%
3 Gen. Bema Józefa
27%
26 Rynek Kościuszki
27%
9 Kawaleryjska
26%
19 Poleska
26%
32 Waszyngtona Jerzego
26%
4 Gen. Maczka Stanisława
25%
20 Pałacowa
24%
42 Antoniuk Fabryczny
21%
47 Dr. Białówny Ireny
21%
24 Pułaskiego Kazimierza
21%
45 Barszczańska
20%
28 Suraska
20%
51 Dziesięciny
14%
17 Ogrodowa
13%
52 Fabryczna
12%
50 Dojlidy Górne
11%
44 Bacieczki
10%
36 Żeromskiego
10%
46 Ciepła
9%
49 Dojlidy Fabryczne
9%
48 Dubois
8%
5 Gen. Berlinga Zygmunta
8%
38 Al. Solidarności
3%
8 Jaroszówka
3%
16 Niewodnicka
3%
23 Pl. Uniwersytecki
2%
18 Orzeszkowej Elizy
1%
33 Wołodyjowskiego Michała
1%
34 Wysockiego Władysława
0%
Nie znaleziono quizów pasujących do podanych kryteriów
Rozkład punktacji
Procent ludzi z każdym wynikiem
Percentyl według liczby udzielonych odpowiedzi
Twoja historia wyników
Nie rozwiązałeś tego quizu